000 00373 a2200169 4500
001 189398
020 _a978-85-10-03814-0
040 _cMagnum
100 _aAzevedo, Ricardo
240 1 0 _aO livro das palavras
_lpor
245 1 0 _aO livro das palavras
300 _a79
362 0 _a2007
440 1 _aDo Brasil
697 _aLITERATURA INFANTO-JUVENIL
942 _cBK
999 _c189398
_d189398